000 00710nam a2200289Ia 4500
005 20260324133331.0
008 008 260324s9999 xx 000 0 eng d
020 _a9781315377711
037 _aEBOOK
040 _aCRL
040 _beng
040 _cCRL
041 _2eng
041 _aeng
084 _qCRL
100 _aGill Paramjit; Gilles De Wildt; Gilles De Wildt; Gill Paramjit
_91192697
245 0 _aHousing and Health
245 4 _bThe Role of Primary Care
260 _bTaylor and Francis
260 _c2003
365 _a
365 _b220
856 _uhttp://www.taylorfrancis.com/books/9781315377711
942 _cEBOOK
999 _c1791628
_d1791628